[Event "42. Open Ciutat de Badalona 2016"]
[Site "Badalona ESP"]
[Date "2016.08.07"]
[Round "6.8"]
[White "Vera Siguenas, Deivy"]
[Black "Diaz Camallonga, Carles"]
[Result "1-0"]
[WhiteElo "2496"]
[BlackElo "2336"]
[PlyCount "109"]
[EventDate "2016.08.02"]
[EventType "swiss"]
[EventRounds "9"]
[EventCountry "ESP"]
[SourceTitle "Ajedrez en Madrid"]
[Source "lmi"]
[SourceDate "2016.08.02"]
[SourceVersion "1"]
[SourceVersionDate "2018.07.18"]
[SourceQuality "1"]

1. d4 e6 2. c4 Nf6 3. g3 Bb4+ 4. Bd2 Qe7 5. Nc3 O-O 6. Nf3 d6 7. Bg2 a5 8. O-O
e5 9. dxe5 dxe5 10. a3 Bxc3 11. Bxc3 Nc6 12. Nd2 Rd8 13. Re1 a4 14. Qc2 Nd4 15.
Bxd4 exd4 16. e3 d3 17. Qc3 c6 18. e4 Qc5 19. h3 Qd4 20. Rac1 Ne8 21. Re3 Be6
22. Bf1 Nc7 23. Rxd3 Qxc3 24. Rcxc3 Na6 25. Rxd8+ Rxd8 26. Rd3 Rxd3 27. Bxd3
Bxh3 28. Bc2 Nc5 29. f4 f6 30. Kf2 g5 31. Ke3 gxf4+ 32. Kxf4 Bd7 33. e5 Ne6+
34. Ke3 fxe5 35. Nf3 c5 36. Nxe5 Be8 37. Be4 Nd8 38. Ng4 Kg7 39. Bxh7 Kxh7 40.
Nf6+ Kg6 41. Nxe8 Kf5 42. Nd6+ Ke5 43. Ne4 Ne6 44. Nc3 Nd4 45. Nxa4 Nf5+ 46.
Kd3 Kd6 47. Nc3 Nxg3 48. Ne4+ Nxe4 49. Kxe4 Ke6 50. b3 b6 51. a4 Kd6 52. Kf5
Kd7 53. Ke5 Kc7 54. Kd5 Kd7 55. a5 1-0

[Event "42. Open Ciutat de Badalona 2016"]
[Site "Badalona ESP"]
[Date "2016.08.07"]
[Round "6.9"]
[White "Arenas, David"]
[Black "Olivares Canelles, Francisco"]
[Result "1-0"]
[WhiteElo "2490"]
[BlackElo "2314"]
[PlyCount "107"]
[EventDate "2016.08.02"]
[EventType "swiss"]
[EventRounds "9"]
[EventCountry "ESP"]
[SourceTitle "Ajedrez en Madrid"]
[Source "lmi"]
[SourceDate "2016.08.02"]
[SourceVersion "1"]
[SourceVersionDate "2018.07.18"]
[SourceQuality "1"]

1. e4 e5 2. Nf3 Nc6 3. Bb5 a6 4. Ba4 Nf6 5. Qe2 b5 6. Bb3 Bc5 7. c3 O-O 8. d3
d6 9. Nbd2 Bb6 10. h3 Na5 11. Bc2 c5 12. Nf1 Nc6 13. g4 d5 14. Bg5 d4 15. Ng3
Qd6 16. cxd4 Ba5+ 17. Kf1 Nxd4 18. Nxd4 cxd4 19. Nf5 Bxf5 20. gxf5 h6 21. Bc1
Rac8 22. Bb3 Rc7 23. Rg1 Kh8 24. Kg2 Rfc8 25. Kh2 Nh7 26. Qg4 Qf6 27. a3 Rc5
28. Qh5 R8c7 29. Kh1 R5c6 30. Rb1 Rc5 31. Kh2 R5c6 32. Qg4 Rc8 33. Qh5 R8c7 34.
Qf3 Rc8 35. Bd5 Rc2 36. Bb3 R2c6 37. Qg3 Rc5 38. Bd5 Rc2 39. b4 Bd8 40. Bb3
R2c6 41. Bd2 Be7 42. Qg4 Bf8 43. Rg2 R8c7 44. Rbg1 Rc3 45. Bxc3 Rxc3 46. Qd1
Kg8 47. Rg4 h5 48. Rg6 Qh4 49. R1g3 Nf6 50. Kg2 Rc7 51. Rxf6 Qxf6 52. Qxh5 Qd8
53. Rg6 Be7 54. Rxg7+ 1-0

[Event "42. Open Ciutat de Badalona 2016"]
[Site "Badalona ESP"]
[Date "2016.08.07"]
[Round "6.10"]
[White "Aguero Jimenez, Luis Lazaro"]
[Black "Alvarez Pedraza, Aramis"]
[Result "1-0"]
[WhiteElo "2388"]
[BlackElo "2483"]
[PlyCount "44"]
[EventDate "2016.08.02"]
[EventType "swiss"]
[EventRounds "9"]
[EventCountry "ESP"]
[SourceTitle "Ajedrez en Madrid"]
[Source "lmi"]
[SourceDate "2016.08.02"]
[SourceVersion "1"]
[SourceVersionDate "2018.07.18"]
[SourceQuality "1"]

1. Nf3 Nf6 2. c4 b6 3. g3 Bb7 4. Bg2 g6 5. O-O Bg7 6. Nc3 O-O 7. d3 c5 8. e4
Nc6 9. h3 d6 10. Be3 h6 11. Qd2 Kh7 12. Nh2 e5 13. Ng4 Ng8 14. f4 exf4 15. Bxf4
Nd4 16. Rae1 Ne6 17. Be3 h5 18. Nh2 Be5 19. Ne2 h4 20. gxh4 Qxh4 21. Nf3 Qh5
22. Nxe5 dxe5 1-0

[Event "42. Open Ciutat de Badalona 2016"]
[Site "Badalona ESP"]
[Date "2016.08.07"]
[Round "6.11"]
[White "Perez Mitjans, Orelvis"]
[Black "Hernandez Moya, Yuleisy"]
[Result "1/2-1/2"]
[WhiteElo "2457"]
[BlackElo "2239"]
[PlyCount "119"]
[EventDate "2016.08.02"]
[EventType "swiss"]
[EventRounds "9"]
[EventCountry "ESP"]
[SourceTitle "Ajedrez en Madrid"]
[Source "lmi"]
[SourceDate "2016.08.02"]
[SourceVersion "1"]
[SourceVersionDate "2018.07.18"]
[SourceQuality "1"]

1. e4 e6 2. d4 d5 3. Nc3 dxe4 4. Nxe4 Nd7 5. Nf3 Ngf6 6. Nxf6+ Nxf6 7. Bd3 c5
8. O-O cxd4 9. Qe2 Be7 10. Rd1 a6 11. Nxd4 Qc7 12. c4 O-O 13. b3 b6 14. Bb2 Bb7
15. Qe3 Rfe8 16. Qh3 Qf4 17. Ne2 Qg5 18. Bd4 Bc5 19. Bxc5 bxc5 20. Nc3 Bc6 21.
Be2 Ne4 22. Nxe4 Bxe4 23. Bf3 Bf5 24. Qg3 Qxg3 25. hxg3 Rad8 26. Bc6 Rf8 27.
Bd7 f6 28. b4 cxb4 29. c5 Kf7 30. c6 Ke7 31. g4 Bxg4 32. Rd4 h5 33. Rxb4 e5 34.
Bxg4 hxg4 35. Rxg4 g5 36. Rb4 Rb8 37. Rc4 Rb6 38. Kh2 Rc8 39. c7 Rb7 40. Rc6
Rcxc7 41. Rxa6 Rb2 42. Kg3 Rcc2 43. Rh1 Kf7 44. Rf1 Rxa2 45. Rb6 Rab2 46. Ra6
e4 47. Ra4 e3 48. fxe3 Rxg2+ 49. Kf3 Kg6 50. Ra6 Rh2 51. Kg3 Rbg2+ 52. Kf3 g4+
53. Kf4 Rh5 54. e4 Re2 55. Kg3 Re3+ 56. Kg2 Re2+ 57. Kg3 Re3+ 58. Kg2 Re2+ 59.
Kg3 Re3+ 60. Kg2 1/2-1/2

[Event "42. Open Ciutat de Badalona 2016"]
[Site "Badalona ESP"]
[Date "2016.08.08"]
[Round "7.1"]
[White "Ortiz Suarez, Isan Reynaldo"]
[Black "Cordova, Emilio"]
[Result "1/2-1/2"]
[WhiteElo "2564"]
[BlackElo "2627"]
[PlyCount "40"]
[EventDate "2016.08.02"]
[EventType "swiss"]
[EventRounds "9"]
[EventCountry "ESP"]
[SourceTitle "Ajedrez en Madrid"]
[Source "lmi"]
[SourceDate "2016.08.02"]
[SourceVersion "1"]
[SourceVersionDate "2018.07.18"]
[SourceQuality "1"]

1. c4 e6 2. Nc3 d5 3. d4 c6 4. e4 dxe4 5. Nxe4 Bb4+ 6. Bd2 Qxd4 7. Bxb4 Qxe4+
8. Be2 Na6 9. Ba5 f6 10. Qd8+ Kf7 11. O-O-O e5 12. Bd3 Qf4+ 13. Kb1 b6 14. Ne2
Qxf2 15. Ng3 Rb8 16. Rhf1 Bg4 17. Bg6+ hxg6 18. Rd7+ Ke6 19. Rd6+ Kf7 20. Rd7+
Ke6 1/2-1/2

[Event "42. Open Ciutat de Badalona 2016"]
[Site "Badalona ESP"]
[Date "2016.08.08"]
[Round "7.2"]
[White "Neelotpal, Das"]
[Black "Peralta, Fernando"]
[Result "0-1"]
[WhiteElo "2472"]
[BlackElo "2587"]
[PlyCount "99"]
[EventDate "2016.08.02"]
[EventType "swiss"]
[EventRounds "9"]
[EventCountry "ESP"]
[SourceTitle "Ajedrez en Madrid"]
[Source "lmi"]
[SourceDate "2016.08.02"]
[SourceVersion "1"]
[SourceVersionDate "2018.07.18"]
[SourceQuality "1"]

1. Nf3 d5 2. g3 Nf6 3. Bg2 Bf5 4. O-O e6 5. c4 c6 6. cxd5 exd5 7. d3 Be7 8. Qb3
Qb6 9. Qc2 O-O 10. Nc3 h6 11. e4 Bh7 12. Re1 dxe4 13. dxe4 Nbd7 14. Be3 Qa6 15.
Rad1 Rfe8 16. a3 Rad8 17. Nd4 Bf8 18. f3 Ne5 19. Bf2 c5 20. Ndb5 Qb6 21. a4 a6
22. Na3 Qc7 23. b3 c4 24. Nxc4 Nxc4 25. bxc4 Qxc4 26. Bf1 Qc6 27. Qb3 Bc5 28.
Qb2 Bxf2+ 29. Kxf2 Rxd1 30. Rxd1 Bg6 31. Qb4 Rc8 32. Ne2 Nd7 33. Nf4 Ne5 34.
Be2 Kh7 35. Rb1 Rb8 36. a5 f6 37. Qb6 Bf7 38. Rb2 Qc3 39. Qb4 Qc6 40. Qb6 Qc3
41. Qb4 Qc6 42. Qd4 Qc1 43. Qd2 Qh1 44. h4 Bc4 45. Rc2 Bxe2 46. Qxe2 Rd8 47.
Rc7 Rd1 48. Nh3 Nd3+ 49. Ke3 Re1 50. Kd4 0-1

[Event "42. Open Ciutat de Badalona 2016"]
[Site "Badalona ESP"]
[Date "2016.08.08"]
[Round "7.3"]
[White "Himanshu, Sharma"]
[Black "Cruz, Cristhian"]
[Result "1/2-1/2"]
[WhiteElo "2437"]
[BlackElo "2533"]
[PlyCount "106"]
[EventDate "2016.08.02"]
[EventType "swiss"]
[EventRounds "9"]
[EventCountry "ESP"]
[SourceTitle "Ajedrez en Madrid"]
[Source "lmi"]
[SourceDate "2016.08.02"]
[SourceVersion "1"]
[SourceVersionDate "2018.07.18"]
[SourceQuality "1"]

1. e4 e6 2. d4 d5 3. Nd2 Nf6 4. e5 Nfd7 5. c3 c5 6. f4 Nc6 7. Ndf3 Qb6 8. g3
Be7 9. Kf2 cxd4 10. cxd4 g5 11. fxg5 Ndxe5 12. Nxe5 Nxe5 13. Kg2 Nc6 14. Nf3
Bf8 15. b3 Bg7 16. Bb2 Bd7 17. Rc1 a5 18. a3 Rc8 19. Bd3 O-O 20. Re1 Ne7 21.
Rxc8 Rxc8 22. Ne5 Bxe5 23. Rxe5 Ba4 24. Qb1 Qxb3 25. Bxh7+ Kg7 26. Re2 Ng6 27.
Bxg6 fxg6 28. Qf1 Rf8 29. Rf2 Rxf2+ 30. Qxf2 Qc2 31. Qxc2 Bxc2 32. Bc3 a4 33.
Kf3 Kf7 34. Ke2 b5 35. g4 Bb3 36. h4 Bc4+ 37. Ke3 Bf1 38. Bb4 Kg7 39. Be7 Kh7
40. h5 Bc4 41. Kd2 Bf1 42. Ke3 Bc4 43. h6 Bf1 44. Bc5 Bc4 45. Kd2 Bf1 46. Kc3
Be2 47. Kb4 Kg8 48. Ka5 Kh7 49. Kb6 Kg8 50. Kc6 Kh7 51. Bb4 Kg8 52. Kd6 Bxg4
53. Ke7 Kh7 1/2-1/2

[Event "42. Open Ciutat de Badalona 2016"]
[Site "Badalona ESP"]
[Date "2016.08.08"]
[Round "7.4"]
[White "Hansen, Mads"]
[Black "Vera Siguenas, Deivy"]
[Result "1-0"]
[WhiteElo "2344"]
[BlackElo "2496"]
[PlyCount "93"]
[EventDate "2016.08.02"]
[EventType "swiss"]
[EventRounds "9"]
[EventCountry "ESP"]
[SourceTitle "Ajedrez en Madrid"]
[Source "lmi"]
[SourceDate "2016.08.02"]
[SourceVersion "1"]
[SourceVersionDate "2018.07.18"]
[SourceQuality "1"]

1. e4 e5 2. Nf3 Nc6 3. Bb5 a6 4. Ba4 Nf6 5. O-O Be7 6. Re1 b5 7. Bb3 O-O 8. h3
d6 9. c3 Nd7 10. d4 Bf6 11. a4 Na5 12. Bc2 Nb6 13. b4 Nac4 14. a5 Nd7 15. d5 c5
16. Bd3 cxb4 17. cxb4 Bb7 18. Bxc4 bxc4 19. Na3 c3 20. Ra2 Be7 21. Rc2 Rc8 22.
g4 h5 23. Re3 Nf6 24. Nh2 Qd7 25. g5 Nh7 26. Rexc3 Rxc3 27. Rxc3 Bxg5 28. Qxh5
Bxc1 29. Rxc1 Qa4 30. Qf3 Bc8 31. Qe3 Ng5 32. Qxg5 Qxa3 33. Nf1 Bxh3 34. Qe3
Qb2 35. Qd2 Qxd2 36. Nxd2 Rb8 37. Rc6 Rxb4 38. Rxd6 f6 39. Rxa6 Rd4 40. Nb3
Rxe4 41. Rb6 Kf7 42. d6 Re1+ 43. Kh2 Be6 44. Nc5 Bg4 45. f3 Rc1 46. Rb7+ Ke8
47. a6 1-0

[Event "42. Open Ciutat de Badalona 2016"]
[Site "Badalona ESP"]
[Date "2016.08.08"]
[Round "7.5"]
[White "Oliva Castaneda, Kevel"]
[Black "Aguero Jimenez, Luis Lazaro"]
[Result "1/2-1/2"]
[WhiteElo "2491"]
[BlackElo "2388"]
[PlyCount "32"]
[EventDate "2016.08.02"]
[EventType "swiss"]
[EventRounds "9"]
[EventCountry "ESP"]
[SourceTitle "Ajedrez en Madrid"]
[Source "lmi"]
[SourceDate "2016.08.02"]
[SourceVersion "1"]
[SourceVersionDate "2018.07.18"]
[SourceQuality "1"]

1. e4 e5 2. Nf3 Nc6 3. Bb5 a6 4. Ba4 Nf6 5. O-O Be7 6. Re1 b5 7. Bb3 d6 8. c3
O-O 9. h3 Na5 10. Bc2 c5 11. d4 Qc7 12. Nbd2 cxd4 13. cxd4 Nc6 14. Nb3 a5 15.
Be3 a4 16. Nbd2 Nb4 1/2-1/2

[Event "42. Open Ciutat de Badalona 2016"]
[Site "Badalona ESP"]
[Date "2016.08.08"]
[Round "7.6"]
[White "Arenas, David"]
[Black "Cruz, Jonathan"]
[Result "1-0"]
[WhiteElo "2490"]
[BlackElo "2433"]
[PlyCount "95"]
[EventDate "2016.08.02"]
[EventType "swiss"]
[EventRounds "9"]
[EventCountry "ESP"]
[SourceTitle "Ajedrez en Madrid"]
[Source "lmi"]
[SourceDate "2016.08.02"]
[SourceVersion "1"]
[SourceVersionDate "2018.07.18"]
[SourceQuality "1"]

1. e4 e5 2. Nf3 Nc6 3. Bc4 g6 4. d4 exd4 5. c3 Bg7 6. cxd4 Nge7 7. Nc3 O-O 8.
a3 d6 9. h3 a6 10. O-O b5 11. Ba2 Qd7 12. Be3 b4 13. axb4 Nxb4 14. Bb3 Rb8 15.
Ra3 c6 16. Qd2 Qd8 17. Bh6 d5 18. Bxg7 Kxg7 19. Re1 Qd6 20. e5 Qd8 21. Na4 a5
22. Nc5 Na6 23. Rc1 Nxc5 24. Rxc5 Rb4 25. Bd1 Qb6 26. b3 a4 27. Rxa4 Rxa4 28.
bxa4 Ba6 29. Qg5 Qb1 30. Qxe7 Qxd1+ 31. Kh2 Bc8 32. a5 Kg8 33. Rxc6 Qa4 34. Rc7
Be6 35. Qh4 Bf5 36. Qh6 g5 37. Qxg5+ Bg6 38. h4 Qxa5 39. Re7 Qd8 40. Qf6 Re8
41. Rxe8+ Qxe8 42. Qg5 Kf8 43. h5 Be4 44. Qf6 Qd7 45. Ng5 Ke8 46. e6 fxe6 47.
Nxe4 dxe4 48. Qh8+ 1-0

[Event "42. Open Ciutat de Badalona 2016"]
[Site "Badalona ESP"]
[Date "2016.08.08"]
[Round "7.7"]
[White "Gomez Garrido, Camilo Ernesto"]
[Black "Lorenzo De la Riva, Lazaro"]
[Result "1-0"]
[WhiteElo "2560"]
[BlackElo "2355"]
[PlyCount "93"]
[EventDate "2016.08.02"]
[EventType "swiss"]
[EventRounds "9"]
[EventCountry "ESP"]
[SourceTitle "Ajedrez en Madrid"]
[Source "lmi"]
[SourceDate "2016.08.02"]
[SourceVersion "1"]
[SourceVersionDate "2018.07.18"]
[SourceQuality "1"]

1. e4 c5 2. Nf3 Nc6 3. d4 cxd4 4. Nxd4 Nf6 5. Nc3 e5 6. Ndb5 d6 7. Bg5 a6 8.
Na3 b5 9. Nd5 Be7 10. Bxf6 Bxf6 11. c4 b4 12. Nc2 O-O 13. g3 Bg5 14. h4 Bh6 15.
Bg2 Qa5 16. O-O Qc5 17. b3 Ra7 18. Qd3 a5 19. Rad1 Be6 20. Nde3 Bxe3 21. Nxe3
Nd4 22. Nc2 Nxc2 23. Qxc2 a4 24. Rd3 axb3 25. axb3 Rfa8 26. Qd1 Ra6 27. Bf3 h6
28. Kg2 R8a7 29. h5 Kh7 30. Bg4 Ra1 31. Qf3 Rxf1 32. Kxf1 Kg8 33. Rd2 Bxg4 34.
Qxg4 Qc7 35. Qd1 Ra3 36. Kg2 Ra6 37. Rd5 Kh7 38. Qf3 Kg8 39. Qd3 Rc6 40. Qd2
Rb6 41. Qa2 Qc8 42. Qa5 Ra6 43. Qb5 Ra1 44. Rxd6 Qg4 45. Qxe5 Rb1 46. Rd8+ Kh7
47. Rd3 1-0

[Event "42. Open Ciutat de Badalona 2016"]
[Site "Badalona ESP"]
[Date "2016.08.08"]
[Round "7.8"]
[White "Barrientos, Sergio E"]
[Black "Herrera Reyes, Jose Antonio"]
[Result "0-1"]
[WhiteElo "2466"]
[BlackElo "2290"]
[PlyCount "112"]
[EventDate "2016.08.02"]
[EventType "swiss"]
[EventRounds "9"]
[EventCountry "ESP"]
[SourceTitle "Ajedrez en Madrid"]
[Source "lmi"]
[SourceDate "2016.08.02"]
[SourceVersion "1"]
[SourceVersionDate "2018.07.18"]
[SourceQuality "1"]

1. e4 c5 2. Nf3 e6 3. d4 cxd4 4. Nxd4 a6 5. c4 Qc7 6. Nc3 b6 7. Be3 Bb7 8. a3
Nf6 9. f3 d6 10. Be2 Nbd7 11. O-O Be7 12. Qd2 O-O 13. Rac1 Rac8 14. b4 Qb8 15.
Rfd1 Rfe8 16. Bf1 Bd8 17. Nb3 Bc7 18. Bf4 Ne5 19. Bxe5 dxe5 20. c5 b5 21. a4
bxa4 22. Nxa4 Bc6 23. Nb2 Rcd8 24. Qc3 Rd4 25. Nc4 Bb5 26. g3 h5 27. Nxd4 exd4
28. Qxd4 Bxc4 29. Rxc4 h4 30. e5 Bxe5 31. Qxh4 Nd5 32. Qg5 Qc7 33. Qd2 Rb8 34.
Rdc1 a5 35. f4 Bf6 36. bxa5 Rb2 37. R4c2 Rb4 38. Bg2 Bd4+ 39. Kh1 Be3 40. Qe1
Bxc1 41. Bxd5 Ba3 42. Bf3 Rb3 43. Kg2 Bxc5 44. a6 Qb6 45. Qe5 Rb5 46. Bb7 f6
47. Qb8+ Kf7 48. Qc8 Rb2 49. Qd7+ Be7 50. Qd2 Rxc2 51. Qxc2 Qd4 52. h4 Bc5 53.
Qb3 Qf2+ 54. Kh3 Qf1+ 55. Kg4 f5+ 56. Kh5 Qa1 0-1

[Event "42. Open Ciutat de Badalona 2016"]
[Site "Badalona ESP"]
[Date "2016.08.08"]
[Round "7.9"]
[White "Gaikwad, Siddhant"]
[Black "Perez Mitjans, Orelvis"]
[Result "0-1"]
[WhiteElo "2264"]
[BlackElo "2457"]
[PlyCount "68"]
[EventDate "2016.08.02"]
[EventType "swiss"]
[EventRounds "9"]
[EventCountry "ESP"]
[SourceTitle "Ajedrez en Madrid"]
[Source "lmi"]
[SourceDate "2016.08.02"]
[SourceVersion "1"]
[SourceVersionDate "2018.07.18"]
[SourceQuality "1"]

1. e4 c5 2. c3 d5 3. exd5 Qxd5 4. d4 e5 5. Nf3 Nc6 6. Be3 Bg4 7. dxc5 Qxd1+ 8.
Kxd1 f5 9. h3 Bxf3+ 10. gxf3 f4 11. Bc1 Bxc5 12. Ke1 O-O-O 13. Nd2 Nf6 14. b4
Bb6 15. a4 Ne7 16. Bc4 Kb8 17. a5 Bc7 18. Ke2 Nf5 19. Ne4 Nh4 20. Ng5 Rhe8 21.
Ne6 Rc8 22. Nxc7 Rxc7 23. Bb5 Ree7 24. Bd2 g5 25. Bd3 Rcd7 26. Be4 Rd6 27. Ra2
Red7 28. Rb1 Nxe4 29. fxe4 Rd3 30. Rh1 Nf3 31. Rd1 h5 32. b5 h4 33. c4 g4 34.
hxg4 Rxd2+ 0-1

[Event "42. Open Ciutat de Badalona 2016"]
[Site "Badalona ESP"]
[Date "2016.08.08"]
[Round "7.10"]
[White "Hernandez Moya, Yuleisy"]
[Black "Ortega Amarelle, Mariano"]
[Result "1/2-1/2"]
[WhiteElo "2239"]
[BlackElo "2432"]
[PlyCount "111"]
[EventDate "2016.08.02"]
[EventType "swiss"]
[EventRounds "9"]
[EventCountry "ESP"]
[SourceTitle "Ajedrez en Madrid"]
[Source "lmi"]
[SourceDate "2016.08.02"]
[SourceVersion "1"]
[SourceVersionDate "2018.07.18"]
[SourceQuality "1"]

1. e4 c5 2. Nf3 e6 3. d4 cxd4 4. Nxd4 Nc6 5. Nc3 a6 6. Be3 Nf6 7. Be2 Qc7 8.
O-O d6 9. f4 Be7 10. Kh1 O-O 11. Bf3 Re8 12. Qe1 Nxd4 13. Bxd4 e5 14. Be3 Be6
15. f5 Bc4 16. Rf2 d5 17. exd5 e4 18. Be2 Bxd5 19. Rf1 b5 20. a3 Bb7 21. Rd1
Rad8 22. Qf2 Rxd1 23. Rxd1 Bxa3 24. Nxb5 axb5 25. bxa3 Qxc2 26. Rc1 Qb2 27. Rc5
Qxa3 28. Rxb5 Qa1+ 29. Qg1 Qxg1+ 30. Kxg1 Ba6 31. Rb2 Bxe2 32. Rxe2 h5 33. h3
Nd5 34. Kf2 g6 35. fxg6 fxg6 36. Rd2 Re5 37. g4 Kf7 38. Ra2 hxg4 39. hxg4 Re6
40. Ra7+ Kf6 41. Bd4+ Kg5 42. Ra5 Rd6 43. Kg3 Rd7 44. Rb5 Kh6 45. Rb1 g5 46.
Rb8 Nf4 47. Rh8+ Rh7 48. Rd8 Ng6 49. Kf2 Rf7+ 50. Ke3 Rf4 51. Re8 Rxg4 52. Rxe4
Nf4 53. Kf3 Rh4 54. Bf6 Kh5 55. Bxg5 Kxg5 56. Re5+ 1/2-1/2

[Event "42. Open Ciutat de Badalona 2016"]
[Site "Badalona ESP"]
[Date "2016.08.09"]
[Round "8.1"]
[White "Ortiz Suarez, Isan Reynaldo"]
[Black "Arenas, David"]
[Result "1-0"]
[WhiteElo "2564"]
[BlackElo "2490"]
[PlyCount "169"]
[EventDate "2016.08.02"]
[EventType "swiss"]
[EventRounds "9"]
[EventCountry "ESP"]
[SourceTitle "Ajedrez en Madrid"]
[Source "lmi"]
[SourceDate "2016.08.02"]
[SourceVersion "1"]
[SourceVersionDate "2018.07.18"]
[SourceQuality "1"]

1. e4 c5 2. Nf3 d6 3. d4 Nf6 4. Nc3 cxd4 5. Nxd4 g6 6. Be3 Bg7 7. f3 O-O 8. Qd2
Nc6 9. Bc4 Bd7 10. h4 h5 11. O-O-O Ne5 12. Bb3 Rc8 13. Kb1 Nc4 14. Bxc4 Rxc4
15. Nde2 b5 16. Bh6 Qa5 17. g4 Rfc8 18. Bxg7 Kxg7 19. g5 Ne8 20. Nd5 Qxd2 21.
Rxd2 Kf8 22. Nef4 Ng7 23. b3 R4c6 24. Kb2 Ne6 25. Ne2 a5 26. a3 Nc5 27. Nd4 Ra6
28. Re1 Ne6 29. Re3 Nxd4 30. Rxd4 Rac6 31. Rc3 e5 32. Rdd3 Be6 33. Rxc6 Rxc6
34. Nc3 Rb6 35. f4 b4 36. axb4 axb4 37. Na4 Rc6 38. fxe5 dxe5 39. c3 bxc3+ 40.
Nxc3 f6 41. gxf6 Kf7 42. b4 Bc4 43. Rd7+ Kxf6 44. b5 Rb6 45. Rc7 Be6 46. Rc5 g5
47. Na4 Rd6 48. hxg5+ Kxg5 49. Rxe5+ Kg4 50. b6 Bc8 51. Re8 Rc6 52. e5 h4 53.
e6 Kf5 54. Ka3 h3 55. Rh8 Kxe6 56. Rxh3 Rc1 57. Rd3 Bb7 58. Kb4 Rb1+ 59. Kc5
Rc1+ 60. Nc3 Ba6 61. Rh3 Kd7 62. Rh7+ Kc8 63. Kb4 Kb8 64. Rg7 Bc8 65. Na4 Rb1+
66. Ka5 Ra1 67. Kb5 Ba6+ 68. Kb4 Rb1+ 69. Kc5 Rc1+ 70. Kd6 Rd1+ 71. Kc6 Rh1 72.
Rg8+ Bc8 73. Nc5 Rh6+ 74. Kb5 Rh7 75. b7 Rc7 76. bxc8=Q+ Rxc8 77. Na6+ Kb7 78.
Rg7+ Ka8 79. Nc7+ Kb8 80. Kb6 Rh8 81. Ne6 Ka8 82. Ra7+ Kb8 83. Rb7+ Kc8 84.
Rc7+ Kb8 85. Nd4 1-0

[Event "42. Open Ciutat de Badalona 2016"]
[Site "Badalona ESP"]
[Date "2016.08.09"]
[Round "8.2"]
[White "Peralta, Fernando"]
[Black "Hansen, Mads"]
[Result "1-0"]
[WhiteElo "2587"]
[BlackElo "2344"]
[PlyCount "161"]
[EventDate "2016.08.02"]
[EventType "swiss"]
[EventRounds "9"]
[EventCountry "ESP"]
[SourceTitle "Ajedrez en Madrid"]
[Source "lmi"]
[SourceDate "2016.08.02"]
[SourceVersion "1"]
[SourceVersionDate "2018.07.18"]
[SourceQuality "1"]

1. d4 d5 2. c4 c6 3. Nf3 Nf6 4. Nc3 e6 5. e3 Nbd7 6. Bd3 dxc4 7. Bxc4 b5 8. Bd3
Bb7 9. e4 b4 10. Na4 c5 11. e5 Nd5 12. O-O cxd4 13. Nxd4 Nxe5 14. Bb5+ Nd7 15.
Re1 Rc8 16. b3 Be7 17. Rxe6 O-O 18. Nc6 Bxc6 19. Rxc6 Bf6 20. Rd6 Nc3 21. Nxc3
bxc3 22. Qc2 Rc7 23. Bf4 Qe7 24. Rxf6 Nxf6 25. Bxc7 Qxc7 26. Bc4 Ng4 27. g3 Qa5
28. Rc1 h5 29. h3 Ne5 30. Qxc3 Nxc4 31. bxc4 Qxa2 32. c5 Qd5 33. c6 Rc8 34. Qe3
a5 35. Qa7 Kh7 36. Rc5 Qd1+ 37. Kh2 Qf3 38. Rc4 Rxc6 39. Rf4 Qc3 40. Qxf7 Rc5
41. Qe8 Qe5 42. Qf8 a4 43. Rxa4 Qf5 44. Qxf5+ Rxf5 45. Kg2 Kg6 46. Re4 Ra5 47.
Re2 Kf6 48. Re8 g6 49. Re3 Ra2 50. Kf3 Rb2 51. Rd3 Ra2 52. Ke3 Rb2 53. f3 Rb4
54. Rd6+ Kf7 55. Rd4 Rb5 56. Ke4 Rg5 57. g4 hxg4 58. hxg4 Ra5 59. Rd5 Ra6 60.
Ke5 Re6+ 61. Kf4 Rf6+ 62. Kg3 Ra6 63. Kh4 Kf6 64. Rd7 Ra3 65. f4 Ra4 66. Rd6+
Ke7 67. Rxg6 Rxf4 68. Kg5 Rf1 69. Kh6 Kf7 70. Rg7+ Kf8 71. g5 Rh1+ 72. Kg6 Ra1
73. Rb7 Ra8 74. Kh7 Ra5 75. Rb8+ Ke7 76. g6 Ra1 77. g7 Rh1+ 78. Kg8 Rh2 79. Rb1
Rh3 80. Re1+ Kd7 81. Re4 1-0

[Event "42. Open Ciutat de Badalona 2016"]
[Site "Badalona ESP"]
[Date "2016.08.09"]
[Round "8.3"]
[White "Cordova, Emilio"]
[Black "Fernandez, Fernando"]
[Result "1-0"]
[WhiteElo "2627"]
[BlackElo "2406"]
[PlyCount "43"]
[EventDate "2016.08.02"]
[EventType "swiss"]
[EventRounds "9"]
[EventCountry "ESP"]
[SourceTitle "Ajedrez en Madrid"]
[Source "lmi"]
[SourceDate "2016.08.02"]
[SourceVersion "1"]
[SourceVersionDate "2018.07.18"]
[SourceQuality "1"]

1. Nf3 c5 2. c4 Nc6 3. Nc3 g6 4. g3 Bg7 5. Bg2 e5 6. a3 Nge7 7. b4 d5 8. cxd5
Nxd5 9. e4 Nxc3 10. dxc3 Qxd1+ 11. Kxd1 Be6 12. Be3 cxb4 13. axb4 Bc4 14. Nd2
O-O-O 15. Bf1 Bxf1 16. Rxf1 b6 17. b5 Na5 18. Ke2 Rd7 19. c4 Rhd8 20. c5 Rxd2+
21. Bxd2 Nb3 22. Be3 1-0

[Event "42. Open Ciutat de Badalona 2016"]
[Site "Badalona ESP"]
[Date "2016.08.09"]
[Round "8.4"]
[White "Herrera Reyes, Jose Antonio"]
[Black "Gomez Garrido, Camilo Ernesto"]
[Result "1/2-1/2"]
[WhiteElo "2290"]
[BlackElo "2560"]
[PlyCount "116"]
[EventDate "2016.08.02"]
[EventType "swiss"]
[EventRounds "9"]
[EventCountry "ESP"]
[SourceTitle "Ajedrez en Madrid"]
[Source "lmi"]
[SourceDate "2016.08.02"]
[SourceVersion "1"]
[SourceVersionDate "2018.07.18"]
[SourceQuality "1"]

1. Nf3 c5 2. g3 g6 3. Bg2 Bg7 4. d3 Nc6 5. c3 d6 6. Nbd2 e6 7. h4 h6 8. O-O
Nge7 9. e4 Rb8 10. a4 a6 11. Nc4 b5 12. axb5 axb5 13. Ne3 b4 14. d4 O-O 15. Nc4
cxd4 16. cxd4 d5 17. exd5 Nxd5 18. Nfe5 Bb7 19. Re1 Nde7 20. Be3 Nxe5 21. dxe5
Bxg2 22. Qxd8 Rfxd8 23. Kxg2 Rbc8 24. Bb6 Rd5 25. b3 Nc6 26. f4 Ne7 27. Red1
Rxd1 28. Rxd1 Nd5 29. Bf2 Ra8 30. Nb6 Nxb6 31. Bxb6 Bf8 32. Rd8 Rxd8 33. Bxd8
h5 34. Bb6 Be7 35. Kf3 Kf8 36. Ke4 Ke8 37. Kd4 Kd7 38. Bc5 Bd8 39. Bxb4 Kc6 40.
Kc4 Bb6 41. Be1 Be3 42. b4 Bg1 43. b5+ Kb6 44. Kb4 Bc5+ 45. Ka4 Be3 46. Ba5+
Kb7 47. Be1 Kb6 48. Kb4 Bc5+ 49. Kc4 Be3 50. Bb4 Bf2 51. Be7 Bxg3 52. Bd8+ Kb7
53. Kc5 Bxf4 54. Kd6 g5 55. hxg5 h4 56. g6 fxg6 57. Bxh4 Bxe5+ 58. Kxe5 Kb6
1/2-1/2